[Event "Vitrolles-ch 13th"]
[Site "Vitrolles"]
[Date "2012.10.06"]
[Round "1"]
[White "Parroco, Pierre Jean"]
[Black "Madranges, Jean"]
[Result "0-1"]
[WhiteElo "1713"]
[BlackElo "1831"]
[PlyCount "80"]
[EventDate "2012.03.09"]
[EventType "swiss"]
[EventRounds "9"]
[EventCountry "FRA"]
[SourceTitle "EXT 2014"]
[Source "ChessBase"]
[SourceDate "2013.11.20"]
[SourceVersion "1"]
[SourceVersionDate "2013.11.20"]
[SourceQuality "1"]

1. e4 e6 2. d4 d5 3. Nc3 Bb4 4. e5 c5 5. a3 Bxc3+ 6. bxc3 Qa5 7. Bd2 Qa4 8. Rb1 c4 9. Qc1 Nc6 10. Be2 Nge7 11. Nf3 b5 12. 0-0 Bd7 13. h4 0-0-0 14. Ng5 Rdf8 15. f4 f6 16. Nf3 Be8 17. Qb2 a6 18. g3 Bh5 19. Rbe1 Bxf3 20. Bxf3 f5 21. Ra1 Kd7 22. Rfb1 Nc8 23. Qc1 Nb6 24. Rb4 Qa5 25. a4 Nxa4 26. Rbb1 Qc7 27. Qe1 Ra8 28. Bc1 h5 29. Ba3 Qa5 30. Bb2 g6 31. Qe3 Rhb8 32. Re1 b4 33. Bxd5 exd5 34. cxb4 Qxb4 35. e6+ Kc7 36. Ba3 Qc3 37. e7 Qxd4 38. Kh2 Qxe3 39. Rxe3 Re8 40. Bc5 Nxc5 0-1

[Event "Pierrevert op 5th"]
[Site "Pierrevert"]
[Date "2007.04.17"]
[Round "4"]
[White "Madranges, Jean"]
[Black "Jean, Claude"]
[Result "0-1"]
[WhiteElo "1860"]
[BlackElo "2201"]
[PlyCount "48"]
[EventDate "2007.04.15"]
[EventType "swiss"]
[EventRounds "9"]
[EventCountry "FRA"]
[SourceTitle "CBM 118 Extra"]
[Source "ChessBase"]
[SourceDate "2007.07.04"]
[SourceVersion "1"]
[SourceVersionDate "2007.07.04"]
[SourceQuality "1"]

1. d4 Nf6 2. Bf4 g6 3. Nc3 d5 4. e3 Bg7 5. Nf3 0-0 6. Be2 c5 7. Ne5 cxd4 8. exd4 Nc6 9. Qd2 Be6 10. h4 h5 11. f3 Kh7 12. 0-0-0 Rh8 13. g4 Kg8 14. Rdg1 Kf8 15. Qe3 Qc8 16. Bd3 hxg4 17. Bxg6 fxg6 18. Nxg6+ Kf7 19. Nxh8+ Bxh8 20. fxg4 Nxg4 21. Qd3 Bf5 22. Qf3 Nxd4 23. Qxd5+ e6 24. Qg2 Qc6 0-1

[Event "Bouches du Rhone op 0607"]
[Site "Bouches du Rhone"]
[Date "2007.02.17"]
[Round "6"]
[White "Madranges, Jean"]
[Black "Lecoq Bernard, Francois"]
[Result "0-1"]
[WhiteElo "1910"]
[BlackElo "2000"]
[PlyCount "30"]
[EventDate "2006.10.21"]
[EventType "swiss"]
[EventRounds "9"]
[EventCountry "FRA"]
[SourceTitle "EXT 2008"]
[Source "ChessBase"]
[SourceDate "2007.11.25"]
[SourceVersion "1"]
[SourceVersionDate "2007.11.25"]
[SourceQuality "1"]

1. d4 Nf6 2. Bf4 d6 3. Nc3 g6 4. e4 Bg7 5. Qd2 Nbd7 6. 0-0-0 c5 7. dxc5 Nxc5 8. e5 Nfe4 9. Nxe4 Nxe4 10. Qe3 Bf5 11. Bb5+ Kf8 12. exd6 Nxd6 13. Be5 Qa5 14. Bxg7+ Kxg7 15. Qd4+ f6 0-1

[Event "Pierrevert op"]
[Site "Pierrevert"]
[Date "2004.??.??"]
[Round "?"]
[White "Birens, Eric Andre"]
[Black "Madranges, Jean"]
[Result "1-0"]
[WhiteElo "2119"]
[BlackElo "1800"]
[PlyCount "77"]
[EventDate "2004.??.??"]
[EventType "swiss (rapid)"]
[EventRounds "9"]
[EventCountry "FRA"]
[SourceTitle "EXT 2005"]
[Source "ChessBase"]
[SourceDate "2004.11.15"]
[SourceVersion "1"]
[SourceVersionDate "2004.11.15"]
[SourceQuality "1"]

1. d4 f5 2. Bf4 Nf6 3. e3 g6 4. h4 Bg7 5. h5 d5 6. hxg6 hxg6 7. Rxh8+ Bxh8 8. Nc3 c6 9. Nf3 Be6 10. Ne5 Bf7 11. g4 e6 12. Bd3 Nbd7 13. gxf5 exf5 14. Qe2 Nxe5 15. Bxe5 Qa5 16. f3 0-0-0 17. 0-0-0 Nd7 18. Bxh8 Rxh8 19. Kb1 Qd8 20. e4 dxe4 21. fxe4 fxe4 22. Bxe4 Nf6 23. Bf3 Nd5 24. Bxd5 Bxd5 25. Qg4+ Qd7 26. Qxg6 Rg8 27. Qh5 Bf7 28. Qc5 b6 29. Qe5 Re8 30. Qh2 Bg6 31. a3 Qf5 32. Qg2 Kc7 33. d5 cxd5 34. Nxd5+ Kb8 35. Qg3+ Re5 36. Nb4 Kc8 37. Qh4 Qg5 38. Qd4 Re8 39. Qd7+ 1-0

[Event "Pierrevert op"]
[Site "Pierrevert"]
[Date "2004.??.??"]
[Round "?"]
[White "Jean, Claude"]
[Black "Madranges, Jean"]
[Result "1-0"]
[WhiteElo "2220"]
[BlackElo "1800"]
[PlyCount "75"]
[EventDate "2004.??.??"]
[EventType "swiss (rapid)"]
[EventRounds "9"]
[EventCountry "FRA"]
[SourceTitle "EXT 2005"]
[Source "ChessBase"]
[SourceDate "2004.11.15"]
[SourceVersion "1"]
[SourceVersionDate "2004.11.15"]
[SourceQuality "1"]

1. e4 Nf6 2. Nc3 c6 3. d4 g6 4. e5 Nd5 5. Ne4 d6 6. c4 Nb6 7. exd6 exd6 8. Qe2 Be6 9. c5 Nd5 10. Bg5 Qa5+ 11. Bd2 Qc7 12. Nf3 Nd7 13. Rc1 0-0-0 14. cxd6 Bxd6 15. Nxd6+ Qxd6 16. Qb5 Rde8 17. Kd1 Bg4 18. Qb3 N7f6 19. h3 Bxf3+ 20. Qxf3 Ne4 21. Be3 Qb4 22. Rc2 Re7 23. a3 Qa5 24. Bd3 Rhe8 25. Kc1 f5 26. g3 Nd6 27. Rc5 Qb6 28. Qxd5 Ne4 29. Bxe4 Rxe4 30. Kb1 Kb8 31. Qc4 g5 32. Bxg5 Re2 33. Bf4+ Ka8 34. Bc1 Rxf2 35. Re5 Rd8 36. d5 cxd5 37. Rxd5 Re8 38. Rhd1 1-0

[Event "Provence-ch prom Meyreuil 9495"]
[Site "France"]
[Date "1994.??.??"]
[Round "2"]
[White "Tatinian, William"]
[Black "Madranges, Jean"]
[Result "1/2-1/2"]
[WhiteElo "1610"]
[BlackElo "1730"]
[PlyCount "60"]
[EventDate "1994.??.??"]
[EventType "tourn"]
[EventRounds "9"]
[EventCountry "FRA"]
[SourceTitle "EXT 2005"]
[Source "ChessBase"]
[SourceDate "2004.11.15"]
[SourceVersion "1"]
[SourceVersionDate "2004.11.15"]
[SourceQuality "1"]

1. d4 g6 2. Nf3 Bg7 3. c4 d6 4. Nc3 Bg4 5. e3 Nf6 6. Be2 0-0 7. 0-0 Nbd7 8. Bd2 e5 9. d5 e4 10. Nd4 Bxe2 11. Ncxe2 Re8 12. Bc3 a5 13. Qd2 a4 14. b3 Ne5 15. Rab1 axb3 16. axb3 Nfg4 17. f3 exf3 18. Nxf3 Nxf3+ 19. Rxf3 Bxc3 20. Nxc3 Re7 21. Re1 Qe8 22. h3 Ne5 23. Rf2 Nd7 24. b4 b6 25. Nb5 Ne5 26. Qc3 Ra4 27. Nd4 Qa8 28. Rb1 Ra3 29. Rb3 Rxb3 30. Qxb3 Qa6 1/2-1/2

[Event "Provence-ch access Meyreuil 9394"]
[Site "France"]
[Date "1993.??.??"]
[Round "4"]
[White "Hurtevent, A."]
[Black "Madranges, Jean"]
[Result "1/2-1/2"]
[WhiteElo "1690"]
[BlackElo "1760"]
[PlyCount "31"]
[EventDate "1993.??.??"]
[EventType "tourn"]
[EventRounds "9"]
[EventCountry "FRA"]
[SourceTitle "EXT 2005"]
[Source "ChessBase"]
[SourceDate "2004.11.15"]
[SourceVersion "1"]
[SourceVersionDate "2004.11.15"]
[SourceQuality "1"]

1. e4 g6 2. d4 Bg7 3. Nc3 d6 4. Bg5 c6 5. Qd2 Nd7 6. f4 b5 7. Nf3 Qa5 8. e5 f6 9. exf6 exf6 10. Bh4 Ne7 11. Bd3 0-0 12. 0-0 Qc7 13. Rae1 Nb6 14. Re2 Bg4 15. h3 Bxf3 16. Rxf3 1/2-1/2

[Event "Provence-ch access Meyreuil 9394"]
[Site "France"]
[Date "1993.??.??"]
[Round "9"]
[White "Pieri, Thierry"]
[Black "Madranges, Jean"]
[Result "1/2-1/2"]
[WhiteElo "1800"]
[BlackElo "1760"]
[PlyCount "72"]
[EventDate "1993.??.??"]
[EventType "tourn"]
[EventRounds "9"]
[EventCountry "FRA"]
[SourceTitle "EXT 2005"]
[Source "ChessBase"]
[SourceDate "2004.11.15"]
[SourceVersion "1"]
[SourceVersionDate "2004.11.15"]
[SourceQuality "1"]

1. e4 d6 2. d4 Nf6 3. Nc3 g6 4. Bg5 c6 5. f4 Bg7 6. Qd2 b5 7. Bd3 Nbd7 8. Nf3 0-0 9. 0-0 h6 10. Bh4 Nb6 11. e5 dxe5 12. dxe5 Nfd5 13. Be4 Bb7 14. b3 Qc7 15. Rad1 Rad8 16. Nxd5 Nxd5 17. c4 bxc4 18. bxc4 Nb6 19. Qa5 Rd7 20. Qc5 Rfd8 21. Rxd7 Rxd7 22. Nd4 e6 23. Nb3 Bf8 24. Qa5 Nxc4 25. Qxa7 c5 26. Qxb7 Qxb7 27. Bxb7 Rxb7 28. Rc1 Nb2 29. Nxc5 Bxc5+ 30. Rxc5 Nd3 31. Rc8+ Kh7 32. h3 Nxf4 33. Bf6 g5 34. g4 Ng6 35. a4 Ra7 36. Rc4 Ra5 1/2-1/2

[Event "Val Thorens op"]
[Site "Val Thorens"]
[Date "1991.??.??"]
[Round "?"]
[White "Jordan, John"]
[Black "Madranges, Jean"]
[Result "1-0"]
[WhiteElo "1930"]
[BlackElo "1780"]
[PlyCount "63"]
[EventDate "1991.??.??"]
[EventType "swiss"]
[EventRounds "9"]
[EventCountry "FRA"]
[SourceTitle "EXT 1999"]
[Source "ChessBase"]
[SourceDate "1998.11.16"]
[SourceVersion "1"]
[SourceVersionDate "1998.11.16"]
[SourceQuality "1"]

1. e4 c5 2. f4 g6 3. Nf3 Bg7 4. g3 Nc6 5. Bg2 d6 6. 0-0 Nf6 7. Nc3 0-0 8. d3 Rb8 9. Be3 Ng4 10. Bd2 b5 11. h3 Nf6 12. Ne2 b4 13. g4 a5 14. Ng3 Qb6 15. g5 Nd7 16. c3 bxc3 17. bxc3 Ba6 18. Qe2 Qa7 19. Rab1 Rxb1 20. Rxb1 Rb8 21. Rxb8+ Qxb8 22. Be1 Qb1 23. Bf1 Nb6 24. e5 dxe5 25. fxe5 e6 26. Ne4 Nd7 27. Nf6+ Nxf6 28. exf6 Bf8 29. Bg3 e5 30. Nxe5 Qb8 31. Bh2 Bd6 32. Nxc6 1-0